Представление документа в формате RUSMARC

ПолеНазваниеЗначение
  Тип записи a
  Библиографический уровень m
001 Контрольный номер 27924b540f6543358da5fc371bb0437c
005 Дата корректировки 20141015134143.2
200 Заглавие и сведения об ответственности 1_
a Заглавие Бухгалтерский учет в учреждениях непроизводственной сферы
f Первые сведения об ответственности Белов Анатолий Николаевич
205 Сведения об издании __
b Дополнительные сведения об издании 2-е изд.,перераб.
210 Выходные данные 1_
a Место издания М.
c Издательство Финансы и статистика
d Дата издания 1998
215 Физическое описание __
a Объем 303 с.
606 Тематические рубрики __
a Основная рубрика Бухгалтерский учет
610 Ключевые слова 0_
a Ключевые слова бухгалтерский учет
610 Ключевые слова 0_
a Ключевые слова непроизводственная сфера
686 Индексы других классификаций __
a Классификационный индекс 65.052
2 Код системы rubbk
686 Индексы других классификаций __
a Классификационный индекс 65.052.9(2)247
2 Код системы rubbk
700 Автор _1
a Фамилия Белов Анатолий Николаевич
801 Источник записи _0
a Страна RU
b Организация РУК
c Дата составления 20040311
g Правила каталогизации PSBO
801 Источник записи _1
a Страна RU
b Организация РУК
c Дата составления 20040311
g Правила каталогизации PSBO
852 Данные о местонахождении __
i Авторский знак Б 43
j Шифр хранения ББК 65.052
901 Тип документа __
t Тип документа m
938 Служебная информация __
a Название организации Головной вуз
b Имя БД BOOK
c Название АИБС АИБС ИРБИС